Statistics for American Sitcom Families Quiz

Click here to take the quiz!

General Stats

  • This quiz has been taken 38,746 times
    (38,725 since last reset)
  • The average score is 10 of 23

Answer Stats

Family Sitcom % Correct
BradyThe Brady Bunch
94%
HuxtableThe Cosby Show
75%
GriffinFamily Guy
69%
BundyMarried... with Children
63%
WinslowFamily Matters
56%
RicardoI Love Lucy
55%
BaroneEverybody Loves Raymond
55%
BunkerAll in the Family
52%
KeatonFamily Ties
51%
CleaverLeave it to Beaver
45%
BanksThe Fresh Prince of Bel-Air
42%
TannerFull House or ALF
40%
SeaverGrowing Pains
37%
KramdenThe Honeymooners
37%
ConnerRoseanne
37%
MatthewsBoy Meets World
35%
CraneFrasier
33%
TaylorHome Improvement
33%
Drummond/JacksonDiff'rent Strokes
27%
BluthArrested Development
27%
Micelli/BowerWho's the Boss?
26%
TaylorThe Andy Griffith Show
25%
HeffernanThe King of Queens
24%

Score Distribution

Percentile by Number Answered

Percent of People with Each Score

Your Score History

You have not taken this quiz since the last reset